Country Size Fight with Largest Borders #1 - Statistics

General Stats
  • This quiz has been taken 63 times
  • The average score is 9 of 10
Answer Stats
Country Answer % Correct
Egypt Sudan
98%
Cambodia Thailand
98%
Belgium France
97%
Papua New Guinea Indonesia
95%
Ecuador Peru
95%
Cote d' Ivoire Mali
88%
Nicaragua Honduras
83%
Slovakia Ukraine
82%
Armenia Iran
80%
Malawi Tanzania
78%
No matching quizzes found
Score Distribution
Percent of People with Each Score
Percentile by Number Answered
Your Score History
You have not taken this quiz